000 00506nam a22001937a 4500
003 OSt
005 20140310182831.0
008 130603t xxu||||| |||| 00| 0 eng d
050 _aBX 2050
_b.C775 1974
082 _aM 264.1
_bC77 1974
245 _aThe Science of Prayer its ABC's
_cCoon, Glenn
260 _aU.S.A.
_bA Dynamic Bible Living Publication
_c1974
300 _a119 p.
521 _acollege students
526 _c1210L-1700L
541 _j1
562 _e1
942 _2lcc
_cBK
_kM
999 _c16636
_d16636